Statistiques concernant Les films Pixar par personnages secondaires

Cliquez ici pour prendre le quiz!

Statistiques générales

  • Ce quiz a été pris 49 fois
  • Le résultat moyen est 11 sur 16

Statistiques - réponses

Réponse% Correct
Ratatouille
93%
Cars
91%
Coco
89%
Cars 2
84%
Là-haut
82%
Monstres & Cie
82%
Toy Story
82%
Toy Story 3
81%
Vice-versa
81%
Le Monde de Nemo
79%
Cars 3
77%
Toy Story 4
76%
1001 Pattes
70%
Le Voyage d'Arlo
67%
Soul
67%
Le Monde de Dory
65%
Alerte rouge
63%
Luca
62%
Élémentaire
61%
Monstres Academy
61%
Les Indestructibles
60%
Rebelle
55%
En avant
52%
Toy Story 2
52%
Buzz l'Éclair
48%
WALL-E
48%
Les Indestructibles 2
41%

Distribution des résultats

Percentile par nombre de réponses

% des personnes avec chaque résultat

Votre développement - résultats

Vous n’avez pas pris ce quiz